| 000 | 00967nam a2200205Ia 4500 | ||
|---|---|---|---|
| 999 |
_c39835 _d39835 |
||
| 001 | 6440 | ||
| 003 | GE_BSU | ||
| 005 | 20190607213320.0 | ||
| 008 | 181216s1979|||| |||||||||||||| ||geo|| | ||
| 040 | _cGE_BSU | ||
| 041 | _ageo | ||
| 080 | _a621.1(076.1) ლ-13 | ||
| 245 |
_aლაბორატორიული პრაქტიკუმი ტექნილოგიურ გაზომვებსა და ხელსაწყოებში / _cშემდგ. ო. კიღურაძე ; რედ : მ.ძიძიგური. |
||
| 264 |
_aთბილისი : _bსპი, _c1979. |
||
| 300 |
_a72 გვ .: _bცხრ. _c19 სმ. |
||
| 653 | _aტექნილოგიური გაზომვები და ხელსაწყოები | ||
| 700 |
_aკიღურაძე, ო _eშემდგენელი _92282 |
||
| 700 |
_aძიძიგური, მ _eრედაქტორი _9472 |
||
| 942 |
_cBK _2udc |
||